| 000 | 00512nam a2200157Ia 4500 | ||
|---|---|---|---|
| 999 |
_c3231 _d3231 |
||
| 020 | _a9780838536124 | ||
| 082 |
_a612.015 _bMUR |
||
| 100 | _aMurray, Robert K. | ||
| 245 | 0 |
_aHarper's Biochemistry / _cby Murray, Robert K. and Granner, Daryl K. and Mayes, Peter A. and Rodwell, Victor W. |
|
| 250 | _a24th | ||
| 260 |
_aAmerica _bPrentice_Hall _c1996 |
||
| 300 |
_a868 _bIll _c25cm |
||
| 504 | _aInclude Bibliography, Index | ||
| 650 |
_aBiochemistry. _vstructures and functions bioenergetics |
||
| 942 |
_cBK _2ddc _e24 |
||